[Event "Challengers - Reserve Section"]
[Site "Seattle CC"]
[Date "2009.12.12"]
[Round "2"]
[White "Janko, Imre"]
[Black "Wang, Patrick"]
[Result "1/2-1/2"]
[WhiteElo "1506"]
[BlackElo "1610"]
[PlyCount "91"]
[EventDate "2009.12.13"]
[SourceDate "2009.12.12"]

1. e4 e5 2. Nf3 Nc6 3. Bb5 a6 4. Ba4 Bc5 5. O-O d6 6. c3 b5 7. Bb3 Nf6 8. d4
Bb6 9. dxe5 Nxe5 10. Nxe5 dxe5 11. Qxd8+ Kxd8 12. Bxf7 Rf8 13. Bd5 Nxd5 14.
exd5 Bb7 15. Bg5+ Kd7 16. Bh4 Bxd5 17. Rd1 Ke6 18. Re1 Rf5 19. Nd2 Raf8 20. Re2
h5 21. Bg3 Re8 22. Rae1 Kd6 23. b3 g5 24. h4 gxh4 25. Bxh4 Rg8 26. Ne4+ Ke6 27.
Ng3 Bxf2+ 28. Rxf2 Rxf2 29. Kxf2 Rf8+ 30. Kg1 Rf4 31. Bd8 Rg4 32. Bxc7 Rxg3 33.
Rxe5+ Kd7 34. Rxd5+ Kxc7 35. Rxh5 Rxc3 36. Rf5 Rc1+ 37. Rf1 Rc3 38. Rf2 a5 39.
Kh2 a4 40. bxa4 bxa4 41. Rf4 Ra3 42. Rc4+ Kd6 43. Rc2 Ke5 44. g3 Kf5 45. Kh3
Kg5 46. Rc5+ 1/2-1/2

[Event "Challengers - Reserve Section"]
[Site "Seattle CC"]
[Date "2009.12.13"]
[Round "5"]
[White "Mathews, Dan"]
[Black "Chang, Evangeline"]
[Result "1/2-1/2"]
[WhiteElo "1781"]
[BlackElo "1288"]
[PlyCount "140"]
[EventDate "2009.12.13"]
[SourceDate "2009.12.12"]

1. Nf3 c5 2. g3 e6 3. Bg2 Nc6 4. O-O Qc7 5. c3 Nf6 6. d4 cxd4 7. Nxd4 Be7 8.
Bg5 h6 9. Bxf6 Bxf6 10. Nb5 Qb8 11. Nd6+ Ke7 12. Ne4 d6 13. Na3 a6 14. Nxf6
gxf6 15. Nc4 Qc7 16. Qd2 b5 17. Bxc6 Qxc6 18. Ne3 Bb7 19. f3 h5 20. Rac1 f5 21.
c4 Qb6 22. Kh1 Rag8 23. Rfd1 Rd8 24. Qd4 Qxd4 25. Rxd4 bxc4 26. Rdxc4 Rc8 27.
Rc7+ Kf6 28. R1c3 Rxc7 29. Rxc7 Rb8 30. b3 d5 31. Kg1 d4 32. Nc4 Bd5 33. f4 Rb7
34. Rc5 Rb5 35. Rxb5 axb5 36. Nb6 Bb7 37. a4 bxa4 38. bxa4 Ba6 39. Kf2 Ke7 40.
a5 Kd6 41. Na4 Kc6 42. Nb2 Kc5 43. Ke1 Kb4 44. Kd2 Kxa5 45. e3 dxe3+ 46. Kxe3
Kb6 47. Kd4 f6 48. Na4+ Kc6 49. Nc3 Kd6 50. Nd1 Be2 51. Nf2 e5+ 52. Ke3 Bb5 53.
fxe5+ fxe5 54. Nh3 Kd5 55. Ng5 Be8 56. Nf3 Bg6 57. Nh4 Bh7 58. Ng2 Bg6 59. Ne1
Bh7 60. Nd3 Bg6 61. Nb4+ Kc5 62. Na6+ Kc4 63. Nc7 Bf7 64. Na6 Bg6 65. Nb8 Be8
66. Na6 Bg6 67. h4 Bf7 68. Nc7 Kc5 69. Na6+ Kd5 70. Nc7+ Kc5 1/2-1/2

[Event "Challengers - Reserve Section"]
[Site "Seattle CC"]
[Date "2009.12.12"]
[Round "2"]
[White "Mathews, Dan"]
[Black "Lee, Boas"]
[Result "1-0"]
[WhiteElo "1781"]
[BlackElo "1125"]
[PlyCount "105"]
[EventDate "2009.12.13"]
[SourceDate "2009.12.12"]

1. e4 e5 2. Nf3 Nc6 3. Bc4 Nf6 4. Ng5 d5 5. exd5 Na5 6. Bb5+ c6 7. dxc6 bxc6 8.
Be2 Bd6 9. d3 h6 10. Ne4 O-O 11. O-O Nxe4 12. dxe4 Qf6 13. Be3 Rd8 14. Qe1 Nb7
15. Nc3 Bb4 16. a3 Ba5 17. Ba6 Nd6 18. Bxc8 Rdxc8 19. b4 Bc7 20. Qe2 Qg6 21.
Bc5 Rd8 22. Rad1 f5 23. Bxd6 Bxd6 24. Qc4+ Kh8 25. exf5 Qxf5 26. Ne4 Bf8 27.
Ng3 Qg6 28. Rd3 Rac8 29. Rfd1 Re8 30. Qe4 Qf7 31. Rd7 Re7 32. Rxe7 Bxe7 33.
Qxe5 Rf8 34. Ne4 Bg5 35. Rf1 Bf4 36. Qc3 Re8 37. Ng3 Be5 38. Qxc6 Bd4 39. c4
Re1 40. Qc8+ Kh7 41. Qf5+ Qxf5 42. Nxf5 Rxf1+ 43. Kxf1 Bb2 44. a4 Ba3 45. b5
Bc5 46. Ng3 Kg6 47. Ne4 Bb6 48. c5 Ba5 49. Nd6 Kf6 50. Nc4 Bc7 51. b6 axb6 52.
cxb6 Bxh2 53. g3 1-0

[Event "Challengers - Reserve Section"]
[Site "Seattle CC"]
[Date "2009.12.13"]
[Round "4"]
[White "Nill, Matthew"]
[Black "Chang, Evangeline"]
[Result "1-0"]
[WhiteElo "1325"]
[BlackElo "1288"]
[PlyCount "111"]
[EventDate "2009.12.13"]
[SourceDate "2009.12.12"]

1. e4 c5 2. f4 e6 3. Nc3 Nc6 4. Nf3 Qc7 5. d4 cxd4 6. Nxd4 a6 7. a3 Bc5 8. Be3
Ba7 9. g3 Nge7 10. Bg2 O-O 11. Nce2 b5 12. c3 Bb7 13. Qc2 Rfd8 14. Nxc6 Bxc6
15. Bxa7 Rxa7 16. O-O d5 17. e5 Nf5 18. Qd2 Qb6+ 19. Nd4 Raa8 20. Kh1 Nxd4 21.
Qxd4 Qxd4 22. cxd4 Rac8 23. Rac1 Bb7 24. Rc5 Rc6 25. Rfc1 Rdc8 26. b4 h6 27. h4
h5 28. f5 g6 29. fxg6 fxg6 30. Bh3 Kf7 31. Rf1+ Kg7 32. Rf6 Re8 33. Rxc6 Bxc6
34. Bxe6 Re7 35. Bc8 Bb7 36. Bxb7 Rxb7 37. Rxa6 Rc7 38. Rd6 Ra7 39. Rxd5 Rxa3
40. Kg2 Rd3 41. Rd7+ Kf8 42. e6 Rb3 43. d5 Rxb4 44. d6 Re4 45. Rd8+ Kg7 46. e7
b4 47. e8=Q Rxe8 48. Rxe8 b3 49. Rb8 b2 50. d7 Kf7 51. d8=Q b1=Q 52. Rxb1 Ke6
53. Re1+ Kf7 54. Re8 Kg7 55. Qe7+ Kh6 56. Rh8# 1-0

[Event "Challengers - Reserve Section"]
[Site "Seattle CC"]
[Date "2009.12.12"]
[Round "2"]
[White "Nill, Matthew"]
[Black "Tokareva, Kate"]
[Result "1-0"]
[WhiteElo "1325"]
[BlackElo "1575"]
[PlyCount "105"]
[EventDate "2009.12.13"]
[SourceDate "2009.12.12"]

1. e4 e5 2. f4 d6 3. Nf3 Nc6 4. d4 exf4 5. Bxf4 Nf6 6. Bd3 Be7 7. O-O O-O 8. c3
Bg4 9. Nbd2 Re8 10. Qc2 g6 11. h3 Bxf3 12. Nxf3 Bf8 13. Bg5 Bg7 14. Bh4 Qd7 15.
Nh2 Nh5 16. g4 Rf8 17. Qg2 Kh8 18. gxh5 gxh5 19. Qf3 f6 20. Qf5 Qxf5 21. Rxf5
Ne7 22. Rxh5 Kg8 23. Kf2 Ng6 24. Ke3 Kf7 25. Nf1 Rae8 26. Bc4+ Ke7 27. Rxh7
Nxh4 28. Rxg7+ Kd8 29. Nd2 f5 30. Rf1 fxe4 31. Rxf8 Rxf8 32. Rg8 Rxg8 33. Bxg8
Ng6 34. Nxe4 d5 35. Bxd5 c6 36. Be6 Ke7 37. Bc8 b6 38. Ng5 Kf6 39. Ne6 Ke7 40.
Ng7 Kf6 41. Nf5 Kg5 42. Ke4 Kf6 43. h4 Kf7 44. h5 Nh8 45. Ke5 Ke8 46. Kd6 Kd8
47. Be6 c5 48. dxc5 bxc5 49. Kxc5 Kc7 50. Nd6 Kd8 51. Nf7+ Nxf7 52. Bxf7 Ke7
53. Bg6 1-0

[Event "Challengers - Reserve Section"]
[Site "Seattle CC"]
[Date "2009.12.13"]
[Round "5"]
[White "Phan, James"]
[Black "Feng, Roland"]
[Result "0-1"]
[WhiteElo "1390"]
[BlackElo "1739"]
[PlyCount "86"]
[EventDate "2009.12.13"]
[SourceDate "2009.12.12"]

1. e4 c5 2. Nf3 e6 3. Nc3 Nc6 4. a3 a6 5. d4 cxd4 6. Nxd4 Qc7 7. Be3 Nf6 8. f4
d6 9. Nxc6 bxc6 10. b4 Be7 11. Bd3 O-O 12. O-O Nd7 13. Qg4 e5 14. f5 Nf6 15.
Qf3 h5 16. Kh1 Bb7 17. Bg5 Ng4 18. h4 d5 19. Rae1 a5 20. exd5 Bxg5 21. hxg5 e4
22. Qh3 exd3 23. Qxh5 cxd5 24. Nd1 dxc2 25. Ne3 Nxe3 26. g6 fxg6 27. fxg6 Rxf1+
28. Rxf1 Nxf1 29. Qh7+ Kf8 30. Qh8+ Ke7 31. Qh4+ Kd6 32. Qf4+ Kc6 33. b5+ Kb6
34. Qf2+ Qc5 35. Qh4 c1=Q 36. a4 Ng3+ 37. Kh2 Q1g1+ 38. Kh3 Bc8+ 39. Qg4 Bxg4+
40. Kxg3 Qce3+ 41. Kh4 Rh8+ 42. Kxg4 Qxg2+ 43. Kf5 Rf8# 0-1

[Event "Challengers - Reserve Section"]
[Site "Seattle CC"]
[Date "2009.12.12"]
[Round "1"]
[White "Phan, James"]
[Black "Mathews, Dan"]
[Result "1-0"]
[WhiteElo "1390"]
[BlackElo "1781"]
[PlyCount "96"]
[EventDate "2009.12.13"]
[SourceDate "2009.12.12"]

1. e4 g6 2. d4 Bg7 3. Nf3 d6 4. Be2 Nf6 5. Nc3 O-O 6. h3 Nbd7 7. Be3 e5 8. Qd2
exd4 9. Nxd4 Re8 10. Bd3 Nc5 11. f3 Nxd3+ 12. Qxd3 Nd7 13. O-O-O Ne5 14. Qe2
Bd7 15. Kb1 a6 16. h4 b5 17. Bg5 f6 18. Be3 c5 19. Nb3 b4 20. Nd5 Bb5 21. Qe1
Nc4 22. Bc1 a5 23. Ne3 Nxe3 24. Bxe3 Qb6 25. Qd2 a4 26. Qd5+ Kh8 27. Nc1 Rad8
28. h5 Re5 29. Qd2 g5 30. Qxb4 cxb4 31. Bxb6 Rd7 32. Nd3 Bxd3 33. Rxd3 Rb5 34.
Be3 h6 35. Rhd1 Bf8 36. Rd5 Rdb7 37. Bf2 b3 38. cxb3 axb3 39. a3 Rxd5 40. Rxd5
Rc7 41. Rd2 Kg7 42. Bd4 Kf7 43. Bc3 Ke6 44. g4 Rc5 45. Bb4 Rb5 46. Rd3 Bg7 47.
Rxd6+ Ke5 48. Rd3 Kf4 (48... Kf4 49. Bd6+) 1-0

[Event "Challengers - Reserve Section"]
[Site "Seattle CC"]
[Date "2009.12.13"]
[Round "5"]
[White "Tokareva, Kate"]
[Black "Janko, Imre"]
[Result "1-0"]
[WhiteElo "1575"]
[BlackElo "1506"]
[PlyCount "43"]
[EventDate "2009.12.13"]
[SourceDate "2009.12.12"]

1. e4 c5 2. Nf3 d6 3. Bb5+ Bd7 4. Bxd7+ Nxd7 5. O-O Ngf6 6. Re1 g6 7. c3 Bg7 8.
d4 O-O 9. Nbd2 Rc8 10. Nf1 e6 11. Bf4 Qb6 12. Qd2 Rfd8 13. Bg5 Rf8 14. Ng3 Ne8
15. Be7 Qc7 16. Bxf8 Kxf8 17. Rad1 b5 18. h3 a5 19. Qd3 Qb6 20. Rc1 b4 21. cxb4
cxb4 22. Red1 {remaining moves unclear} 1-0

[Event "Challengers - Reserve Section"]
[Site "Seattle CC"]
[Date "2009.12.12"]
[Round "1"]
[White "Tokareva, Kate"]
[Black "Sankrithi, Siva"]
[Result "1-0"]
[WhiteElo "1575"]
[BlackElo "1159"]
[PlyCount "120"]
[EventDate "2009.12.13"]
[SourceDate "2009.12.12"]

1. e4 Nc6 2. d4 e6 3. Nf3 d5 4. exd5 exd5 5. c3 Qe7+ 6. Be2 Nf6 7. O-O Bg4 8.
Re1 O-O-O 9. Ne5 Bxe2 10. Rxe2 Nxe5 11. Rxe5 Qd7 12. Nd2 h6 13. Qc2 Bd6 14. Re1
Rhe8 15. Rxe8 Rxe8 16. Nf3 Qe7 17. Be3 a6 18. c4 Qe4 19. Qxe4 Rxe4 20. c5 Bf4
21. Bxf4 Rxf4 22. Rd1 Ne4 23. Re1 g5 24. Re2 g4 25. Ne5 Ng5 26. Rd2 Re4 27. Kf1
f6 28. f3 gxf3 29. Nxf3 c6 30. Kf2 Rf4 31. Ke3 Re4+ 32. Kd3 f5 33. Ne5 Ne6 34.
Kc3 a5 35. Nf7 Re3+ 36. Kc2 Kd7 37. Nxh6 f4 38. Nf5 Re4 39. Kc3 Kc7 40. Kd3 b6
41. cxb6+ Kxb6 42. Re2 Rxe2 43. Kxe2 c5 44. dxc5+ Kxc5 45. Kd3 Ng5 46. h4 f3
47. gxf3 Nxf3 48. h5 Ne5+ 49. Kc2 Nf7 50. h6 Ng5 51. Kd3 a4 52. a3 Nh7 53. Nd4
Kd6 54. Kc3 Kc5 55. Ne6+ Kd6 56. Ng7 Ke5 57. Kd3 d4 58. Ne8 Kd5 59. Nc7+ Ke5
60. Nb5 Kf6 {remaining moves unclear} 1-0

[Event "Challengers - Reserve Section"]
[Site "Seattle CC"]
[Date "2009.12.13"]
[Round "3"]
[White "Tsemekhman, Ilya"]
[Black "He, Samuel"]
[Result "0-1"]
[WhiteElo "938"]
[BlackElo "1394"]
[PlyCount "46"]
[EventDate "2009.12.13"]
[SourceDate "2009.12.12"]

1. e4 c6 2. d4 d5 3. Nc3 dxe4 4. Nxe4 Nd7 5. Nf3 Ngf6 6. Bc4 Nxe4 7. Bf4 e6 8.
Qd3 Ndf6 9. Bg5 Nxg5 10. Nxg5 Qa5+ 11. Qd2 Qxd2+ 12. Kxd2 Bd6 13. g3 O-O 14.
Rae1 c5 15. Nf3 cxd4 16. Nxd4 Bc5 17. c3 Rd8 18. Kd3 Ng4 19. Re2 e5 20. b4 Bb6
21. h3 Nxf2+ 22. Rxf2 exd4 23. Kc2 d3+ 0-1

[Event "Challengers - Reserve Section"]
[Site "Seattle CC"]
[Date "2009.12.13"]
[Round "5"]
[White "Van Veen, Kerry"]
[Black "Sankrithi, Siva"]
[Result "0-1"]
[WhiteElo "1631"]
[BlackElo "1159"]
[PlyCount "40"]
[EventDate "2009.12.13"]
[SourceDate "2009.12.12"]

1. d4 Nf6 2. c4 Nc6 3. Nf3 e6 4. Nc3 Bb4 5. Bg5 Bxc3+ 6. bxc3 h6 7. Bxf6 Qxf6
8. e4 d6 9. Bd3 O-O 10. O-O e5 11. Bc2 Bg4 12. Rb1 b6 13. Qd3 Bxf3 14. Qxf3
Qxf3 15. gxf3 exd4 16. cxd4 Nxd4 17. Bd1 c5 18. Kg2 Rae8 19. Kh1 f5 20. Re1
fxe4 0-1

[Event "Challengers - Reserve Section"]
[Site "Seattle CC"]
[Date "2009.12.12"]
[Round "2"]
[White "Vanmane, Amith"]
[Black "Varner, Murlin"]
[Result "1-0"]
[WhiteElo "1620"]
[BlackElo "1567"]
[PlyCount "109"]
[EventDate "2009.12.13"]
[SourceDate "2009.12.12"]

1. e4 e5 2. Nf3 Nc6 3. Bc4 Bc5 4. c3 Nf6 5. d3 O-O 6. Nbd2 d6 7. O-O Ne7 8. Re1
Ng6 9. Nf1 Ng4 10. Be3 Nxe3 11. fxe3 Bg4 12. d4 Bb6 13. h3 Bxf3 14. Qxf3 Qe7
15. Ng3 Kh8 16. Nf5 Qg5 17. Qg3 Qxg3 18. Nxg3 c5 19. Nf5 Bc7 20. Rad1 Rad8 21.
Rf1 a6 22. h4 Rd7 23. dxc5 Ne7 24. Nxe7 Rxe7 25. cxd6 Bxd6 26. Rxd6 f6 27. Rfd1
Ree8 28. Rd7 b5 29. Bb3 Ra8 30. Rb7 Rad8 31. Rxd8 Rxd8 32. Ra7 h6 33. Rxa6 Rd2
34. Rb6 Rxb2 35. Rxb5 Re2 36. a4 Rxe3 37. Bd5 Rxc3 38. Rb8+ Kh7 39. a5 Ra3 40.
Ra8 Kg6 41. a6 Kh5 42. Bc4 Kxh4 43. Kh2 g5 44. Rf8 Ra4 45. g3+ Kh5 46. Be2+ Kg6
47. Rb8 Ra2 48. Kg1 h5 49. Bc4 Ra4 50. Bb5 Ra3 51. Kf2 Kf7 52. Rb7+ Ke6 53. a7
Kd6 54. Rb6+ Kc5 55. Ra6 1-0

[Event "Challengers - Reserve Section"]
[Site "Seattle CC"]
[Date "2009.12.12"]
[Round "1"]
[White "Varner, Murlin"]
[Black "Fisher, Thayer"]
[Result "1-0"]
[WhiteElo "1567"]
[BlackElo "1098"]
[PlyCount "65"]
[EventDate "2009.12.13"]
[SourceDate "2009.12.12"]

1. e4 e6 2. d4 d5 3. Nc3 Nf6 4. e5 Nfd7 5. Nf3 c5 6. Be2 Nc6 7. O-O f6 8. exf6
Nxf6 9. Bg5 Be7 10. b3 O-O 11. Na4 b6 12. c3 Bd7 13. Nb2 Ne4 14. Bxe7 Qxe7 15.
Qc2 Ng5 16. dxc5 Nxf3+ 17. Bxf3 bxc5 18. Rad1 Ne5 19. Be2 Bc6 20. Nd3 Nxd3 21.
Bxd3 g6 22. Qe2 e5 23. c4 d4 24. Qg4 Bb7 25. Rde1 Rf4 26. Qxf4 exf4 27. Rxe7
Bc6 28. Rfe1 f3 29. gxf3 Bxf3 30. Re8+ Rxe8 31. Rxe8+ Kf7 32. Re5 Kf6 33. Rxc5
1-0

[Event "Challengers - Reserve Section"]
[Site "Seattle CC"]
[Date "2009.12.13"]
[Round "5"]
[White "Varner, Murlin"]
[Black "Lee, Boas"]
[Result "1-0"]
[WhiteElo "1567"]
[BlackElo "1125"]
[PlyCount "61"]
[EventDate "2009.12.13"]
[SourceDate "2009.12.12"]

1. e4 e5 2. d4 exd4 3. Qxd4 Nc6 4. Qd1 Nf6 5. Bd3 Bc5 6. Bg5 h6 7. Bh4 d6 8. h3
Qe7 9. Ne2 g5 10. Bg3 Bd7 11. Nbc3 O-O-O 12. Qd2 Nd4 13. O-O-O a6 14. Nxd4 Bxd4
15. Nd5 Nxd5 16. exd5 Be5 17. Rhe1 f6 18. Qb4 Qf7 19. Bxe5 dxe5 20. Be4 Bb5 21.
Kb1 f5 22. a4 Bxa4 23. Qxa4 fxe4 24. Qxe4 Qxf2 25. Rf1 Qc5 26. Qxe5 Rde8 27.
Qf5+ Kb8 28. Rf3 Rhf8 29. Qg6 Qd6 30. Qh5 Rxf3 31. Qxe8+ 1-0

[Event "Challengers - Reserve Section"]
[Site "Seattle CC"]
[Date "2009.12.12"]
[Round "3"]
[White "Varner, Murlin"]
[Black "Zhu, Bryan"]
[Result "1-0"]
[WhiteElo "1567"]
[BlackElo "1028"]
[PlyCount "97"]
[EventDate "2009.12.13"]
[SourceDate "2009.12.12"]

1. d4 d5 2. c4 c6 3. Nc3 Nf6 4. Nf3 dxc4 5. e4 b5 6. Be2 e6 7. O-O Be7 8. Be3
O-O 9. Qc2 Bb7 10. e5 Nd5 11. Ne4 h6 12. Rad1 Nd7 13. Qc1 Nxe3 14. Qxe3 Rc8 15.
Nc5 Nxc5 16. dxc5 Qc7 17. b4 Rfd8 18. Nd2 Bg5 19. f4 Be7 20. Ne4 Rxd1 21. Rxd1
a5 22. a3 Rd8 23. Nd6 Bxd6 24. exd6 Qd7 25. g4 f6 26. h4 Qf7 27. Kf2 g5 28. h5
f5 29. fxg5 f4 30. Qe5 hxg5 31. Qxg5+ Qg7 32. Qxd8+ Kh7 33. Qe7 Bc8 34. Qxg7+
Kxg7 35. d7 Bxd7 36. Rxd7+ Kh6 37. Rd6 Kg7 38. Rxe6 axb4 39. axb4 c3 40. Bd1
Kf7 41. Rxc6 Kg7 42. h6+ Kh7 43. Bc2+ Kg8 44. h7+ Kh8 45. Rc8+ Kg7 46. h8=Q+
Kf7 47. Rc6 f3 48. Qh7+ Ke8 49. Rc8# 1-0

[Event "Challengers - Reserve Section"]
[Site "Seattle CC"]
[Date "2009.12.12"]
[Round "3"]
[White "Wade, James"]
[Black "Ambler, Dennis"]
[Result "1/2-1/2"]
[WhiteElo "1093"]
[BlackElo "1729"]
[PlyCount "65"]
[EventDate "2009.12.13"]
[SourceDate "2009.12.12"]

1. e4 Nc6 2. d4 d5 3. exd5 Qxd5 4. c3 e5 5. Be3 exd4 6. Bxd4 Nxd4 7. Qxd4 Qxd4
8. cxd4 Bf5 9. Bb5+ c6 10. Bc4 Nf6 11. Nf3 Bb4+ 12. Nbd2 Ne4 13. Rd1 O-O 14.
O-O Rad8 15. a3 Nxd2 16. Nxd2 Ba5 17. Nf3 Bb6 18. d5 cxd5 19. Rxd5 Be4 20. Rxd8
Rxd8 21. Ng5 Bd5 22. Bxd5 Rxd5 23. Re1 g6 24. Ne4 Kg7 25. Ng3 Rd2 26. Re2 Rd1+
27. Nf1 Rb1 28. Rd2 Kf6 29. g3 Ke5 30. Kg2 Bd4 31. b4 Rb3 32. Ra2 Bb2 33. Nd2
$18 1/2-1/2

[Event "Challengers - Reserve Section"]
[Site "Seattle CC"]
[Date "2009.12.12"]
[Round "1"]
[White "Wade, James"]
[Black "Piper, August"]
[Result "0-1"]
[WhiteElo "1093"]
[BlackElo "1518"]
[PlyCount "66"]
[EventDate "2009.12.13"]
[SourceDate "2009.12.12"]

1. d4 d5 2. c4 dxc4 3. e3 Nf6 4. Bxc4 a6 5. Nf3 e6 6. O-O b5 7. Be2 Bb7 8. Nc3
c5 9. Qb3 Nbd7 10. a4 b4 11. Nb1 Rb8 12. Nbd2 Be7 13. Nc4 O-O 14. Bd2 a5 15.
Rac1 Bd5 16. Rc2 Qc7 17. Rfc1 Qb7 18. Bd3 Qa8 19. Be2 Be4 20. Bd3 Bxf3 21. gxf3
Qxf3 22. Nxa5 Ng4 23. Be1 Bd6 24. e4 Bxh2+ 25. Kf1 Bf4 26. e5 Nh2+ 27. Kg1 Qg4+
28. Kh1 Nf3 29. Bxh7+ Kxh7 30. Qd3+ g6 31. Qxf3 Qxf3+ 32. Kg1 Bxc1 33. Rxc1 Kg7
0-1

[Event "Challengers - Reserve Section"]
[Site "Seattle CC"]
[Date "2009.12.13"]
[Round "5"]
[White "Wang, Patrick"]
[Black "Rajkumar, Johnny"]
[Result "1/2-1/2"]
[WhiteElo "1610"]
[BlackElo "1782"]
[PlyCount "85"]
[EventDate "2009.12.13"]
[SourceDate "2009.12.12"]

1. e4 d6 2. d4 Nf6 3. Nc3 g6 4. Be3 c6 5. a4 Bg7 6. Nf3 O-O 7. Be2 Bg4 8. h3
Bxf3 9. Bxf3 e5 10. dxe5 dxe5 11. O-O Na6 12. Be2 Nc7 13. Qxd8 Rfxd8 14. Bc4 a6
15. Bb6 Rd7 16. Rad1 Nce8 17. Rxd7 Nxd7 18. Be3 b5 19. Bb3 b4 20. Ne2 Rc8 21.
Bc4 a5 22. Rd1 Rc7 23. Kf1 Kf8 24. g4 Ke7 25. f3 Nd6 26. Ba2 f6 27. Nc1 Bf8 28.
Nd3 c5 29. Bd5 c4 30. Nc1 Nc5 31. Bxc5 Rxc5 32. Bg8 h6 33. Rd5 Rxd5 34. Bxd5 g5
35. Ne2 Kd7 36. Kf2 Kc7 37. Ng3 Kb6 38. c3 Kc5 39. Nf5 Nc8 40. Bf7 Nd6 41. Be6
Nxf5 42. gxf5 h5 43. Ke2 1/2-1/2

[Event "Challengers - Reserve Section"]
[Site "Seattle CC"]
[Date "2009.12.13"]
[Round "4"]
[White "Wang, Patrick"]
[Black "Varner, Murlin"]
[Result "1-0"]
[WhiteElo "1610"]
[BlackElo "1567"]
[PlyCount "67"]
[EventDate "2009.12.13"]
[SourceDate "2009.12.12"]

1. e4 e5 2. Nf3 Nf6 3. Nxe5 d6 4. Nf3 Bg4 5. Nc3 Be7 6. h3 Bh5 7. Be2 O-O 8.
O-O a6 9. d4 Bg6 10. e5 dxe5 11. Nxe5 Bd6 12. Nxg6 fxg6 13. Bc4+ Kh8 14. Bg5
Nc6 15. Nd5 Ne7 16. Nxf6 gxf6 17. Bh6 Re8 18. Bf7 g5 19. Re1 Qd7 20. Qf3 Ng8
21. Rxe8 Rxe8 22. Bxg8 Kxg8 23. Qxf6 Re6 24. Qxg5+ Rg6 25. Qe3 Qc6 26. d5 Qd7
27. Re1 Bf8 28. Bxf8 Kxf8 29. Qf3+ Kg8 30. Re6 Rg7 31. Qh5 Kf8 32. Rf6+ Kg8 33.
Qf5 Qe8 34. Qe6+ 1-0

[Event "Challengers - Reserve Section"]
[Site "Seattle CC"]
[Date "2009.12.13"]
[Round "4"]
[White "Zhu, Bryan"]
[Black "Ambler, Dennis"]
[Result "0-1"]
[WhiteElo "1028"]
[BlackElo "1729"]
[PlyCount "104"]
[EventDate "2009.12.13"]
[SourceDate "2009.12.12"]

1. e4 Nc6 2. d4 e5 3. d5 Nce7 4. c4 Ng6 5. Nf3 Nf6 6. Nc3 Bc5 7. Bd3 O-O 8. O-O
d6 9. h3 a6 10. Re1 Nh5 11. Ne2 Nh4 12. Nh2 f5 13. exf5 Bxf5 14. Rf1 Qf6 15.
Bxf5 Nxf5 16. Ng4 Qg6 17. Qd3 e4 18. Qxe4 Rae8 19. Qd3 Rxe2 20. Qxe2 Nfg3 21.
Qd1 Nxf1 22. Qxf1 Qc2 23. b3 Bd4 24. Be3 Bxa1 25. Qxa1 Nf6 26. Nxf6+ Rxf6 27.
Bd4 Rf7 28. Qb2 Rxf2 29. Qxc2 Rxc2 30. a4 Rc1+ 31. Kf2 Rb1 32. g4 Rxb3 33. h4
Rb4 34. Ke3 Rxc4 35. a5 Ra4 36. Ke4 Rxa5 37. g5 Kf7 38. h5 c6 39. dxc6 bxc6 40.
Kf4 Ra4 41. Ke4 c5 42. Kd3 Rxd4+ 43. Ke3 Ke6 44. g6 h6 45. Ke2 a5 46. Ke3 a4
47. Ke2 a3 48. Ke3 a2 49. Ke2 a1=Q 50. Ke3 Qc3+ 51. Ke2 Rd2+ 52. Ke1 Qc1# 0-1

[Event "Challengers - Reserve Section"]
[Site "Seattle CC"]
[Date "2009.12.13"]
[Round "5"]
[White "Zhu, Bryan"]
[Black "Piper, August"]
[Result "1-0"]
[WhiteElo "1028"]
[BlackElo "1518"]
[PlyCount "79"]
[EventDate "2009.12.13"]
[SourceDate "2009.12.12"]

1. e4 c5 2. Nf3 d6 3. Bb5+ Nd7 4. O-O Ngf6 5. Re1 Qc7 6. c3 a6 7. Ba4 b5 8. Bc2
c4 9. d4 cxd3 10. Bxd3 e5 11. Nbd2 Bb7 12. c4 Nc5 13. Qc2 Rc8 14. cxb5 Nxd3 15.
Qxd3 axb5 16. Qxb5+ Bc6 17. Qd3 Be7 18. a3 Bb7 19. b4 Qc2 20. Qxc2 Rxc2 21. b5
O-O 22. a4 Bd8 23. Ba3 Ba5 24. Rad1 Rd8 25. Re3 Ng4 26. Rd3 d5 27. exd5 Bxd5
28. Ne4 Nxf2 29. Nxf2 Bb6 30. Rxd5 Rdc8 31. R5d2 R2c3 32. Bb2 Rc2 33. Nxe5 f6
34. Nc6 Re8 35. Kf1 Rc4 36. a5 Be3 37. Re2 Kf7 38. Rde1 Bxf2 39. Rxe8 Bxe1 40.
Rxe1 1-0

[Event "Challengers - Cross Section Pairing"]
[Site "Seattle CC"]
[Date "2009.12.13"]
[Round "?"]
[White "Watts, Peter"]
[Black "Lee, Boas"]
[Result "1-0"]
[WhiteElo "1916"]
[BlackElo "1125"]
[PlyCount "68"]
[EventDate "2009.12.13"]
[SourceDate "2009.12.12"]

1. c4 Nf6 2. g3 Nc6 3. Nc3 e5 4. Bg2 Bb4 5. Nf3 Bxc3 6. dxc3 d6 7. O-O O-O 8.
b3 Re8 9. Bg5 h6 10. Bxf6 Qxf6 11. Ne1 Bd7 12. e4 Rad8 13. Nc2 Ne7 14. Qd2 Bc6
15. Ne3 Qg6 16. Qc2 b6 17. f4 exf4 18. gxf4 Qh7 19. f5 g6 20. Ng4 Qh8 21. fxg6
Nxg6 22. Nf6+ Kf8 23. Nxe8 Rxe8 24. Rae1 Qg7 25. Qf2 Ne5 26. Qf6 Nd7 27. Qxg7+
Kxg7 28. Rf5 Re5 29. Rxe5 dxe5 30. Bh3 Nf6 31. Bf5 Bd7 32. Bxd7 Nxd7 33. Kf2 c5
34. Rd1 Nf6 {remaining moves not recorded} 1-0